000 00470nam a2200157Ia 4500
008 240729s9999 xx 000 0 und d
022 _a2543-4950
245 0 _aJournal of Sustainable Mining
260 _aPoland
260 _bCentral Mining Institute (Główny Instytut Górnictwa)
650 _a Mining engineering. Metallurgy
650 _aTechnology
856 _uhttps://doaj.org/toc/8dfa40b7a0ea4e198b6a25321651ebf9
942 _2ddc
942 _cDOAJEJ
999 _c65907
_d65907
945 _a1
_bMadushi Gamage
_c1
_dMadushi Gamage